| 000 | 00885nam a2200241 a 4500 | ||
|---|---|---|---|
| 005 | 20180803170329.0 | ||
| 008 | 160907t2003 wauad|||r|||| 00| 0 eng d | ||
| 040 |
_aCO-BoIAVH _cCO-BoIAVH |
||
| 041 | 0 | _aeng | |
| 044 | _axxu | ||
| 082 | 0 | 4 |
_a333.7068 _bG56g |
| 245 | 0 | 0 |
_aGlobal Gap Analysis : _btowards a representative network of protected areas |
| 260 |
_aWashington D.C.: _bConservation International, _cc2003. |
||
| 300 |
_a98 páginas : _bilustraciones a color, mapas y gráficas a color ; _c30 x 21 cm. |
||
| 490 | 0 |
_aAdvances in applied biodiversity science ; _v2 |
|
| 504 | _aIncluye referencias bibliográficas. | ||
| 650 | 2 | 6 | _aZonas protegidas |
| 650 | 2 | 4 |
_aÁreas protegidas _xconservación |
| 650 | 2 | 6 |
_aZonas protegidas _xespecies |
| 650 | 2 | 6 | _aBiodiversidad |
| 710 | 2 | _aConservation International | |
| 942 |
_2ddc _cLIBRO |
||
| 999 |
_c19002 _d19002 |
||